000 00257nam a2200097 a 4500
005 20200930055821.0
008 110426s1983 000 spa d
245 0 _aVarela : construcciones y composiciones.
260 _aSanto Domingo,
_c1983.
999 _c29293
_d29293
040 _aDO-SdBNP